Alle Buchstaben des Alphabets - Statistiken

Allgemein
  • Dieses Quiz wurde 288 mal gespielt
  • Das Durchschnittsergebnis liegt bei 24 aus 26
Antwortstatistiken
Antwort % Korrekt
A
100%
B
99%
C
99%
D
99%
E
99%
F
98%
G
98%
H
97%
I
96%
J
95%
K
94%
L
93%
M
93%
N
92%
O
92%
P
92%
Q
91%
R
91%
S
90%
T
89%
U
87%
V
86%
W
84%
X
83%
Y
82%
Z
80%
Keine übereinstimmenden Quizze gefunden
Verteilung der Resultate
Anzahl Personen mit jedem Resultat
Perzentil nach korrekt beantworteten Fragen
Ihre Resultats-Entwicklung
Sie haben dieses Quiz noch nicht gespielt